| 000 | 00000nam##2200000za#4500 |
| 001 | 9.688536 |
| 003 | CaOODSP |
| 005 | 20210624231455 |
| 007 | cr ||||||||||| |
| 008 | 150407|2004||||xxc|||||o f|0| 0 eng|d |
| 040 | |aCaOODSP|beng |
| 043 | |an-cn--- |
| 086 | 1 |aSW21-124/2004E-PDF |
| 110 | 1 |aCanada. |bStatus of Women Canada. |
| 245 | 13|aAn integrated approach to gender-based analysis : |h[electronic resource]|binformation kit |
| 260 | |aOttawa - Ontario : |bStatus of Women Canada |c[2004]. |
| 300 | |a19p.|bphotographs |
| 520 | 3 |aThis information kit explains the concepts and rationale behind gender-based analysis and provides a checklist for conducting such an analysis as part of any policy, planning, or decision-making exercise. The kit includes a quiz and fact sheet, a glossary and evaluation form, and an information pamphlet devoted to gender mainstreaming. Also includes contact information. |
| 590 | |a06-10-Supp|b2006-12-15 |
| 690 | 07|aAnalysis|2gcpds |
| 690 | 07|aGender equality|2gcpds |
| 690 | 07|aPolicy development|2gcpds |
| 775 | 08|tUne approche intégrée à l'analyse comparative entre les sexes : |w(CaOODSP)9.632961 |
| 776 | 0#|tAn integrated approach to gender-based analysis : |w(CaOODSP)9.666921 |
| 776 | 0#|tUne approche intégrée à l'analyse comparative entre les sexes : |w(CaOODSP)9.666922 |
| 856 | 40|ahttp://publications.gc.ca|qPDF|s73 KB|uhttps://publications.gc.ca/collections/Collection/SW21-124-2004E-1.pdf |
| 856 | 40|ahttp://publications.gc.ca|qPDF|s70 KB|uhttps://publications.gc.ca/collections/Collection/SW21-124-2004E-2.pdf |
| 856 | 40|ahttp://publications.gc.ca|qPDF|s72 KB|uhttps://publications.gc.ca/collections/Collection/SW21-124-2004E-3.pdf |
| 856 | 40|ahttp://publications.gc.ca|qPDF|s73 KB|uhttps://publications.gc.ca/collections/Collection/SW21-124-2004E-4.pdf |
| 856 | 40|ahttp://publications.gc.ca|qPDF|s66 KB|uhttps://publications.gc.ca/collections/Collection/SW21-124-2004E-5.pdf |
| 856 | 40|ahttp://publications.gc.ca|qPDF|s65 KB|uhttps://publications.gc.ca/collections/Collection/SW21-124-2004E-6.pdf |
| 856 | 40|ahttp://publications.gc.ca|qPDF|s477 KB|uhttps://publications.gc.ca/collections/Collection/SW21-124-2004E-7.pdf |
| 856 | 40|ahttp://publications.gc.ca|qPDF|s902 KB|uhttps://publications.gc.ca/collections/Collection/SW21-124-2004E-8.pdf |
| 856 | 40|ahttp://publications.gc.ca|qPDF|s133 KB|uhttps://publications.gc.ca/collections/Collection/SW21-124-2004E-9.pdf |